Catálogo

THE SOUL OF A BUSINESS : (Registro nro. 29349)

Detalles MARC
000 -LEADER
fixed length control field 00526nam a2200181 a 4500
001 - CONTROL NUMBER
control field 29349
005 - DATE AND TIME OF LATEST TRANSACTION
control field 20180713232403.0
008 - FIXED-LENGTH DATA ELEMENTS--GENERAL INFORMATION
fixed length control field 140415s1993 000 0 eng d
020 ## - INTERNATIONAL STANDARD BOOK NUMBER
International Standard Book Number 0553094238
041 ## - LANGUAGE CODE
Language code of text/sound track or separate title eng
082 ## - DEWEY DECIMAL CLASSIFICATION NUMBER
Classification number 658.314
Item number CHA
100 1# - MAIN ENTRY--PERSONAL NAME
Personal name CHAPPELL, TOM
245 14 - TITLE STATEMENT
Title THE SOUL OF A BUSINESS :
Remainder of title MANAGING FOR PROFIT AND THE COMAN GOOD
250 ## - EDITION STATEMENT
Edition statement 1a ed.
260 ## - PUBLICATION, DISTRIBUTION, ETC.
Place of publication, distribution, etc. [s.l.] :
Name of publisher, distributor, etc. BANTAM BOOK,
Date of publication, distribution, etc. 1993
300 ## - PHYSICAL DESCRIPTION
Extent 223
650 14 - SUBJECT ADDED ENTRY--TOPICAL TERM
Topical term or geographic name entry element ADMINISTRACION
General subdivision ASPECTOS RELIGIOSOS
-- ETICA EN LOS NEGOCIOS
Existencias
Withdrawn status Lost status Source of classification or shelving scheme Damaged status Not for loan Collection code Home library Current library Shelving location Date acquired Source of acquisition Inventory number Total Checkouts Full call number Barcode Date last seen Date last checked out Price effective from Koha item type
    Dewey Decimal Classification     General Biblioteca Karol Wojtyla Biblioteca Karol Wojtyla Sala general 03/12/2013 Compra 151000000000000000021638 2 658.314 CHA 50335 05/01/2026 17/10/2023 03/12/2013 Libro